Utwory Jana Brzechwy - nagła śmierć - Statystyki

Ogólne statystyki
  • Ten quiz został rozwiązany 317 razy
  • Średni wynik to 3 z 7
Answers on the Grid
Answers color-coded by a green-red scale on the quiz's grid according to % correct below.
,,Akademia pana Kleksa"
,,Kaczka dziwaczka"
,,Tańcowała igła z nitką"
,,Na wyspach Bergamutach"
,,Brzechwa dzieciom"
,,Podróże pana Kleksa"
,,Tryumf pana Kleksa"
,,Lokomotywa"
,,Rzepka"
,,Mendel Gdański"
,,Nic dwa razy"
,,Pan Kleks w kosmosie"
 
Statystyki odpowiedzi
Odpowiedź % Poprawnych
,,Akademia pana Kleksa"
60%
,,Podróże pana Kleksa"
51%
,,Brzechwa dzieciom"
49%
,,Kaczka dziwaczka"
49%
,,Na wyspach Bergamutach"
38%
,,Tryumf pana Kleksa"
35%
,,Tańcowała igła z nitką"
31%
Nie znaleziono quizów pasujących do podanych kryteriów
Rozkład punktacji
Procent ludzi z każdym wynikiem
Percentyl według liczby udzielonych odpowiedzi
Twoja historia wyników
Nie rozwiązałeś tego quizu